Normal view
MARC view
Entry Nombre personal
001 - NÚMERO DE CONTROL
- campo de control: 11
003 - IDENTIFICADOR DEL NÚMERO DE CONTROL
- campo de control: BNPHU
005 - FECHA Y HORA DE LA ÚLTIMA TRANSACCIÓN
- campo de control: 20240301134916.0
008 - DATOS DE LONGITUD FIJA
- campo de control de longitud fija: 200615|| aca||aabn | a|a d
040 ## - FUENTE DE LA CATALOGACIÓN
- Centro catalogador/agencia de origen: DO-SdBNP
- Lengua de catalogación: spa
- Centro/agencia transcriptor: BNPHU
- Normas de descripción: rda
100 1# - ENCABEZAMIENTO-NOMBRE DE PERSONA
- Nombre de persona: Hernández Disla, Pablo María,
- Fechas asociadas al nombre: 1942-
400 1# - TRAZADO DE VÉASE--NOMBRE DE PERSONA
- Nombre de persona: Disla, Pablo María Hernández
400 1# - TRAZADO DE VÉASE--NOMBRE DE PERSONA
- Nombre de persona: Hernández Disla, Pablo María
670 ## - FUENTE DE DATOS ENCONTRADOS
- Cita de la fuente: Work cat.: (OSt)3: Hernández Disla, Pablo María, 1942-, Metodología de la investigación científica /, 1998.
670 ## - FUENTE DE DATOS ENCONTRADOS
- Cita de la fuente: Fundamentos de pedagogía cient., c1980:
